| 000 | 01167cab a2200205 4500 | ||
|---|---|---|---|
| 001 | ##L136258 | ||
| 008 | 070122n2007 000 0 eng u | ||
| 035 | _a(Sirsi) u136258 | ||
| 041 | 0 | _aeng | |
| 100 | 1 | _aPalmer, Jason | |
| 245 | 0 | 0 | _aPower politics |
| 260 | _c2007 | ||
| 490 | 0 |
_aBuilding Services Journal _vJanuary 2007, 29-33(5) |
|
| 520 | _aDiscusses why the Scottish Parliament building has failed to live up to its green credentials. Breaks down the engineer's strategy to reduce energy use, looking at the ventilation, cooling, heating and insulation measures. Suggests a key reason for Holyrood's high energy consumption since opening is the complex lighting strategy. Also suggests that mechanically ventilated parts of the complex are not making the most of variable speed pumps and fans, and that embodied energy in the building is high because of the large quantity of concrete used. Concludes that Holyrood only achieved a high BREEAM rating because it was assessed during the design stage. | ||
| 590 | _aKA | ||
| 650 | 2 | 4 | _aHOLYROOD PROJECT |
| 651 | 4 |
_aUnited Kingdom _y |
|
| 690 | _aBUILT ENVIRONMENT-SUSTAINABLE CONSTRUCTION | ||
| 942 | _n0 | ||
| 999 |
_c78213 _d78213 |
||